000 00244nam a2200085Ia 4500
245 0 _aRadical engagements : a life in exile
100 _a LEVY, Lorna Auckland Park, 2009
_977324
942 _cBK
008 210817s9999 xx 000 0 und d
999 _c263739
_d263738